<?xml version="1.0" encoding="UTF-8"?><?xml-stylesheet type="text/xsl" href="static/style.xsl"?><OAI-PMH xmlns="http://www.openarchives.org/OAI/2.0/" xmlns:xsi="http://www.w3.org/2001/XMLSchema-instance" xsi:schemaLocation="http://www.openarchives.org/OAI/2.0/ http://www.openarchives.org/OAI/2.0/OAI-PMH.xsd"><responseDate>2026-04-17T13:17:08Z</responseDate><request verb="GetRecord" identifier="oai:www.recercat.cat:10230/36426" metadataPrefix="marc">https://recercat.cat/oai/request</request><GetRecord><record><header><identifier>oai:recercat.cat:10230/36426</identifier><datestamp>2025-12-24T08:47:31Z</datestamp><setSpec>com_2072_6</setSpec><setSpec>col_2072_452952</setSpec></header><metadata><record xmlns="http://www.loc.gov/MARC21/slim" xmlns:dcterms="http://purl.org/dc/terms/" xmlns:xsi="http://www.w3.org/2001/XMLSchema-instance" xmlns:doc="http://www.lyncode.com/xoai" xsi:schemaLocation="http://www.loc.gov/MARC21/slim http://www.loc.gov/standards/marcxml/schema/MARC21slim.xsd">
   <leader>00925njm 22002777a 4500</leader>
   <datafield ind2=" " ind1=" " tag="042">
      <subfield code="a">dc</subfield>
   </datafield>
   <datafield ind2=" " ind1=" " tag="720">
      <subfield code="a">Alonso Caballero, Jordi</subfield>
      <subfield code="e">author</subfield>
   </datafield>
   <datafield ind2=" " ind1=" " tag="720">
      <subfield code="a">WHO World Mental Health Survey Collaborators</subfield>
      <subfield code="e">author</subfield>
   </datafield>
   <datafield ind2=" " ind1=" " tag="260">
      <subfield code="c">2019-01-24T13:22:37Z</subfield>
   </datafield>
   <datafield ind2=" " ind1=" " tag="260">
      <subfield code="c">2019-01-24T13:22:37Z</subfield>
   </datafield>
   <datafield ind2=" " ind1=" " tag="260">
      <subfield code="c">2018</subfield>
   </datafield>
   <datafield ind2=" " ind1=" " tag="520">
      <subfield code="a">Background: Anxiety disorders are a major cause of burden of disease. Treatment gaps have been described, but a worldwide evaluation is lacking. We estimated, among individuals with a 12‐month DSM‐IV (where DSM is Diagnostic Statistical Manual) anxiety disorder in 21 countries, the proportion who (i) perceived a need for treatment; (ii) received any treatment; and (iii) received possibly adequate treatment. Methods: Data from 23 community surveys in 21 countries of the World Mental Health (WMH) surveys. DSM‐IV mental disorders were assessed (WHO Composite International Diagnostic Interview, CIDI 3.0). DSM‐IV included posttraumatic stress disorder among anxiety disorders, while it is not considered so in the DSM‐5. We asked if, in the previous 12 months, respondents felt they needed professional treatment and if they obtained professional treatment (specialized/general medical, complementary alternative medical, or nonmedical professional) for “problems with emotions, nerves, mental health, or use of alcohol or drugs.” Possibly adequate treatment was defined as receiving pharmacotherapy (1+ months of medication and 4+ visits to a medical doctor) or psychotherapy, complementary alternative medicine or nonmedical care (8+ visits). Results: Of 51,547 respondents (response = 71.3%), 9.8% had a 12‐month DSM‐IV anxiety disorder, 27.6% of whom received any treatment, and only 9.8% received possibly adequate treatment. Of those with 12‐month anxiety only 41.3% perceived a need for care. Lower treatment levels were found for lower income countries. Conclusions: Low levels of service use and a high proportion of those receiving services not meeting adequacy standards for anxiety disorders exist worldwide. Results suggest the need for improving recognition of anxiety disorders and the quality of treatment.</subfield>
   </datafield>
   <datafield ind2=" " ind1=" " tag="520">
      <subfield code="a">The U.S. National Comorbidity Survey Replication (NCS‐R) is supported by the National Institute of Mental Health (NIMH; U01‐MH60220) with supplemental support from the National Institute of Drug Abuse (NIDA), the Substance Abuse and Mental Health Services Administration (SAMHSA). SEL (Sara Evans‐Lacko) currently holds a Starting Grant from the European Research Council (337673). The Robert Wood Johnson Foundation (RWJF; Grant 044708), and the John W. Alden Trust. Dr. Thornicroft is supported by the National Institute for Health Research (NIHR) Collaboration for Leadership in Applied Health Research and Care South London at King&amp;apos;s College London Foundation Trust. Dr. Thornicroft acknowledges support from the following: the National Institute for Health Research (NIHR) Collaboration for Leadership in Applied Health Research and Care South London at King&amp;apos;s College London Foundation Trust; the Department of Health via the National Institute for Health Research (NIHR) Biomedical Research Centre and Dementia Unit awarded to South London and Maudsley NHS Foundation Trust in partnership with King&amp;apos;s College London and King&amp;apos;s College Hospital NHS Foundation Trust; the European Union Seventh Framework Programme (FP7/2007‐2013) Emerald project.</subfield>
   </datafield>
   <datafield tag="653" ind2=" " ind1=" ">
      <subfield code="a">Adequate treatment</subfield>
   </datafield>
   <datafield tag="653" ind2=" " ind1=" ">
      <subfield code="a">Anxiety disorders</subfield>
   </datafield>
   <datafield tag="653" ind2=" " ind1=" ">
      <subfield code="a">Health services</subfield>
   </datafield>
   <datafield tag="653" ind2=" " ind1=" ">
      <subfield code="a">Perceived need for care</subfield>
   </datafield>
   <datafield tag="653" ind2=" " ind1=" ">
      <subfield code="a">Surveys</subfield>
   </datafield>
   <datafield ind2="0" ind1="0" tag="245">
      <subfield code="a">Treatment gap for anxiety disorders is global: results of the World Mental Health Surveys in 21 countries</subfield>
   </datafield>
</record></metadata></record></GetRecord></OAI-PMH>